000 00598nam a2200193 a 4500
001 000033085
005 20240412074257.0
008 110817s1957 pr r 000 p spa d
040 _aDO-SdBNP
_bspa
_cBNPHU
082 _aA861.44
_bE18e
100 1 _aEchavaria, Colón
_d1898-1979
_958766
245 1 0 _aEspaña en América /
_cColón Echavaria.
260 _aSan Juan, Puerto Rico :
_bLa Milagrosa,
_c1957.
300 _a20 p. ;
_c30 cm.
590 _aInventariado, 2018/VM
650 0 _aPoesía dominicana
_966
650 0 _aLiteratura dominicana.
_967
910 _aValidado. Control de calidad MFF
999 _c32576
_d32576